000 00807nam a2200229 a 4500
001 000022413
003 DO-SdBNP
005 20230213102215.0
007 ta
008 101008s1985 dr a 001 0 spa d
040 _aDO-SdBNP
_bspa
_cBNPHU
049 _aBNPD
082 4 _222
100 1 _aPeguero de Lawlor, Valentina
_946211
245 1 0 _aPeña y Reynoso y Amantes de la Luz /
_cValentiana Peguero de Lawlor ; prólogos Vanessa Vega de Bonnelly.
260 _aSantiago de los Caballeros, República Dominicana :
_bSociedad Amante de la Luz,
_c1985.
300 _a213 p. :
_bilustraciones ;
_c22 cm.
500 _aIncluye referencias blibliográficas y notas al pie de las páginas
590 _aInventariado, 2023/BT
700 1 _aVega de Bonnelly, Vanessa,
_eprólogo
_937377
942 _2ddc
_cLBS1
999 _c21911
_d21911